书目信息 |
| 题名: |
质量认证工作指导手册
|
|
| 作者: | 国家技术监督局质量认证办公室 编 | |
| 分册: | ||
| 出版信息: | 北京 中国计划出版社 1992.09 |
|
| 页数: | 785页 | |
| 开本: | 16开 | |
| 丛书名: | ||
| 单 册: | ||
| 中图分类: | F253.3-62 | |
| 科图分类: | ||
| 主题词: | 物资经济 | |
| 电子资源: | ||
| ISBN: | 7-80058-238-8 | |
| 000 | 00663nam0 2200193 45 | |
| 001 | 0009181698 | |
| 005 | 20000918161240.9 | |
| 010 | @a7-80058-238-8@d35.00元 | |
| 100 | @a20000918d1992 km y0chiy0120 ea | |
| 101 | 0 | @achi |
| 105 | @a z 000yy | |
| 200 | 1 | @a质量认证工作指导手册@AZhi Liang Ren Zheng Gong Zuo Zhi Dao Shou Ce@f国家技术监督局质量认证办公室编@FGuo Jia Ji Shu Jian Du Ju Zhi Liang Ren Zheng Ban Gong Shi Bian |
| 210 | @a北京@c中国计划出版社@d1992.09 | |
| 215 | @a785页@d16开 | |
| 606 | 0 | @a物资经济 |
| 690 | @aF253.3-62@v3 | |
| 701 | 0 | @a国家技术监督局质量认证办公室@4编 |
| 801 | @aCN@bPftUser@c20000918 | |
| 905 | @b147037-041@dF253.3-62@eG:345@f5 | |
| 质量认证工作指导手册/国家技术监督局质量认证办公室编.-北京:中国计划出版社,1992.09 |
| 785页;16开 |
| ISBN 7-80058-238-8:35.00元 |
| ● |
| 相关链接 |
|
|
|
正题名:质量认证工作指导手册
索取号:F253.3-62/G:345
 
预约/预借
| 序号 | 登录号 | 条形码 | 馆藏地/架位号 | 状态 | 备注 |
| 1 | 147037 | 201470372 | 社科二线422/422社科库 13排1列2层/ [索取号:F253.3-62/G:345] | 在馆 | |
| 2 | 147038 | 201470381 | 社科二线422/422社科库 28排2列1层/ [索取号:F253.3-62/G:345] | 在馆 | |
| 3 | 147039 | 201470390 | 社科二线422/422社科库 13排1列2层/ [索取号:F253.3-62/G:345] | 在馆 | |
| 4 | 147040 | 201470407 | 社科二线422/422社科库 29排4列1层/ [索取号:F253.3-62/G:345] | 在馆 | |
| 5 | 147041 | 201470416 | 社科库409/409社科库 81排2列1层/ [索取号:F253.3-62/G:345] | 在馆 |